000 00517nam a2200217Ia 4500
999 _c12734
_d12734
003 0100
005 20170510115929.0
008 130303s9999 xx 000 0 und d
020 _a582640741
040 _cARRUPELIB
050 _aDT433.29.B8K591971
100 _aKiwanuka, M.S.M. Semakula
_930713
245 2 _aA history Buganda
245 _bfrom the foundation of the kingdom to 1900
260 _bLongman
_aLondon
_c1971
300 _a322p.
300 _b 23cm
650 _aBuganda
_xHistory
_930714
942 0 0 _01
_2lcc
_cMONOGRAPH